| 000 | 00921nam a22001577a 4500 | ||
|---|---|---|---|
| 003 | OSt | ||
| 005 | 20151007094357.0 | ||
| 008 | 151007b xxu||||| |||| 00| 0 eng d | ||
| 040 | _cRUA | ||
| 082 | _aAVM HON 2007 B078 Or.1 | ||
| 100 |
_92236 _aHONG, CHAMROEUN. |
||
| 245 | _aThe mixture water spinach and fresh cassava leaves at different levels on growing of crossbred pigs with basal diet of broken rice or rice bran with cassava root meal (ការផ្សំត្រកួននិងស្លឺកដំឡូងមីស្រស់កំរិតផ្សេងគ្នាលើការលូតលាស់របស់ជ្រូកកូនកាត់ដោយមានចុងអង្ករឬកន្ទក់លាយជាមួយម្សៅដំឡូងមីជាចំណីមូដ្ឋាន) | ||
| 260 |
_aPhnom Penh _bRUA _c2007 |
||
| 300 |
_ax, 49p. _bill. _c29cm. |
||
| 942 |
_2ddc _cAVM |
||
| 999 |
_c2109 _d2109 |
||